000 00705nam a2200205Ii 4500
003 JO-AjNU
008 230605s9999||||xx |||||||||||||| ||und||
040 _aJO-AjNU
_bara
_erda
_cJO-AjNU
041 _aara
050 1 4 _aPJ7858 2004
100 3 _aتأليف حمود،محمد,
_eauthor
_924011
245 0 0 _aالجاحظ: أمير البيان وعالم الحيوان
250 _aط1
264 3 1 _aبيروت:دار الفكر اللبناني،2004
300 _a176ص
336 _atext
_btxt
_2rdacontent
337 _aunmediated
_bn
_2rdamedia
338 _avolume
_bnc
_2rdacarrier
650 4 _aالأدباء العرب - الشعراء العرب - تراجم - تاريخ ونقد
_924012
999 _aA8776
_c12344
_d12344